Quiz Islam - Statistiques

Statistiques générales
  • Ce quiz a été pris 7 250 fois
  • Le résultat moyen est 13 sur 15
Statistiques - réponses
Question Réponse % Correct
Où se situe le pèlerinage que doivent faire les musulmans au moins une fois dans leur vie ? à la Mecque
98%
Quel est le mois du jeûne pour les musulmans ? Ramadan
98%
Combien de fois doit prier par jour un(e) musulman(e) ? 5 fois
97%
Quel statut a Jésus en Islam ? C'est un prophète
96%
Comment doit procéder une personne qui souhaite se convertir à l'Islam ? Elle doit prononcer l'attestation de foi
96%
Combien y'a t-il de piliers en Islam ? 5
95%
Que signifie "Islam" ? Paix, soumission (à Dieu)
94%
Comment la femme est-elle considérée en Islam ? Comme un bijou, un être précieux
91%
Combien de sourates comporte le Coran ? 114
90%
Comment s'appelle les règles d'applications de vie et de pratique religieuse du prophète Muhammad (sws) ? La sunnah
89%
Qui est le premier prophète en Islam ? Adam
85%
Lequel de ces pays n'est pas à majorité musulmane ? Ethiopie
85%
Pour un(e) musulman(e), il n'est pas permis de se fâcher plus de combien de jours avec son frère ou sa soeur ? 3 jours
75%
Quel(s) jour(s) est-il conseillé de jeûner ? Lundi et Jeudi
74%
Lorsqu'un(e) musulman(e) meurt, il/elle est enterré(e) comment ? Dans un linceul
71%
Aucun quiz correspondant
Distribution des résultats
% des personnes avec chaque résultat
Percentile par nombre de réponses
Votre historique - résultats
Vous n’avez pas pris ce quiz